| 000 | 00668nam a2200205 a 4500 | ||
|---|---|---|---|
| 005 | 20240315063634.0 | ||
| 008 | 991125s1986 es 000 0 spa u | ||
| 020 | _a8424910621 | ||
| 035 | _aUPN01000004631 | ||
| 049 | _aCG | ||
| 050 | 4 |
_aP25 _bB5.2 no.350 |
|
| 100 | 1 | _aAlvarez Martínez, María Angeles | |
| 245 | 1 | 3 |
_aEl artículo como entidad funcional en el español de hoy / _cMa. Angeles Alvarez Martínez. |
| 260 |
_aMadrid : _bGredos, _c1986. |
||
| 300 | _a287 p. | ||
| 440 | 0 |
_aBiblioteca románica hispánica II. _pEstudios y ensayos ; _v350 |
|
| 650 | 4 |
_aEspañol _xEstudio y enseñanza _97357 |
|
| 650 | 7 |
_aEspañol _xGramática _2 _914623 |
|
| 905 | _aLibro | ||
| 999 |
_c4631 _d4631 |
||